=LDR 00000nam 2200000 4500 =001 INLIS000000000037467 =005 20251216112908 =035 ##$$a 0010-061300000037467 =008 251216################g##########0#ind## =041 ##$$a Ind =082 ##$$a 398 =090 ##$$a 398, Bed b =245 ##$$a Bedtime stories, The movie story book /$c Alih bahasa, Ramayanti =260 ##$$a Jakarta :$b Gramedia,$c 2009 =300 ##$$a 48 hlm. : $b ilus ; $c 14x21 cm. =650 #4$$a Dongeng =700 #$$a Ramayanti =850 ##$$a NBPNMAT =084 ##$$a 398 BED b =990 ##$$a 35383538 =990 ##$$a 21106437